| 000 | 00826cam a22002898a 4500 | ||
|---|---|---|---|
| 001 | 3476463 | ||
| 003 | OSt | ||
| 005 | 20200421093818.0 | ||
| 008 | 020624r20022000enk 000 0 eng | ||
| 015 | _aGBA2-W5170 | ||
| 016 | 7 |
_a019925382x _2Uk |
|
| 020 |
_a019925382X(pbk.) : _c£17.99 |
||
| 035 | _a(Uk)gb A20W5170 | ||
| 035 | _a706358 | ||
| 040 |
_aBDS _cBDS _dUk |
||
| 082 | 0 | 4 |
_a882.01 _221 |
| 100 | 1 |
_aSilk, M. S. _q(Michael Stephen), _d1941- _945 |
|
| 245 | 1 | 0 |
_aAristophanes and the definition of comedy / _cM.S. Silk. |
| 260 |
_aOxford : _bOxford University Press, _c2002, c2000. |
||
| 263 | _a200209 | ||
| 300 |
_a456 p. ; _c22cm. |
||
| 500 | _aOriginally published: 2000. | ||
| 500 | _aIncludes index. | ||
| 504 | _aBibliography. | ||
| 600 | 0 | 0 |
_aAristophanes _xCriticism and interpretation. _9702 |
| 942 |
_2ddc _cBK |
||
| 999 |
_c68 _d68 |
||